Introducción al álgebra lineal
| Main Authors: | , |
|---|---|
| Format: | Section = Libro |
| Language: | Undetermined Spanish |
| Published: |
México
McGraw-Hill
1981
|
| Subjects: |
| LEADER | 00508nam a2200193Ia 4500 | ||
|---|---|---|---|
| 008 | 240829s9999 xx 000 0 und d | ||
| 020 | |a 0-07-090070-1 | ||
| 040 | |a BIBLIOTECA-RUSB/ 512.5 C258 | ||
| 041 | |a spa | ||
| 082 | |a 512.5 C258 | ||
| 100 | 1 | |a Carakushansky, Mina Seinfeld de | |
| 100 | 1 | |b La Penha, Guillerme | |
| 245 | 1 | 0 | |a Introducción al álgebra lineal |
| 260 | |a México |b McGraw-Hill |c 1981 | ||
| 300 | |a 262 p. :il. | ||
| 650 | 7 | |a ALGEBRA LINEALES | |
| 942 | |c BK |2 ddc | ||
| 991 | |a TEXTO | ||
| 999 | |c 1460 | ||